000 00892nam a2200205 a 4500
003 AM-YeHGA
040 _aAM-YeHGA
942 _2udc
_cBK
090 _c450043
005 20250618075247.0
008 191126s2018 ai ||o||r|||| 00| 0 arm||
041 0 _aarm
100 1 _aՀակոբյան, Հովսեփ ավագ քահանա
_9404
245 1 0 _aԱստվածասեր մարդը ։
_b[Քարոզներ] /
_cՀ․ Հակոբյան ; Առաջաբան՝ Սարիբեկյան, Զաքարիա քհն․
260 _aՍբ․ Էջմիածին ։
_bՄայր Աթոռ Սբ․ Էջմիածնի հրատ.,
_c2018.
300 _a310 էջ ։
_bգունավոր լուսանկար ;
_c20 սմ․
500 _aԳրքի կողքի ձևավորումը՝ Մաշտոց Ջոբանեանի
650 1 4 _aՔարոզներ
_94631
700 1 _aՍարիբեկյան, Զաքարիա քհն․
_eառաջաբան
_4aui
999 _c447162
_d447162